Statistiques concernant Harry Potter: Godric's Hollow

Cliquez ici pour prendre le quiz!

Statistiques générales

  • Ce quiz a été pris 119 fois
  • Le résultat moyen est 8 sur 11

Statistiques - réponses

InformationRéponses% Correct
RésidentsFamille Potter
98%
Dernière apparitionHarry Potter et les Reliques de la Mort
98%
Première apparitionHarry Potter à l'école des sorciers
97%
PaysRoyaume-Uni
96%
NationAngleterre
94%
RésidentBathilda Tourdesac
84%
RésidentsFamille Dumbledore
83%
RésidentGodric Gryffondor
46%
RésidentIgnotus Peverell
33%
RésidentGellert Grindelwald
31%
EmplacementSud-ouest de l'Angleterre
11%

Distribution des résultats

Percentile par nombre de réponses

% des personnes avec chaque résultat

Votre développement - résultats

Vous n’avez pas pris ce quiz